000 00292nam a22001337a 4500
008 170810b xxu||||| |||| 00| 0 eng d
020 _a0130400726
041 _aeng
080 _a004
100 _a35
101 _aSHKI
245 _aAPPLIED DECISION SUPPORT
_cDAVIS, M.W
942 _2udc
_cBK
999 _c23172
_d23172